000 01702nam a22002057a 4500
999 _c63755
_d63755
003 Ge_BSU
005 20251225151555.0
008 251225s2025 ge ||||| |||| 00| 0 geo d
041 _ageo
080 _a33 ს-96
100 _aსურმანიძე, მეგი
_926594
245 _aტურისტების სოციალური მიმღებლობის გავლენა ტურიზმის ბიზნესზე და მისი რეგულირების მაქანიზმები :
_bდისერტაცია /
_cმეგი სურმანიძე; სამეცნიერო ხელ-ლი როსტომ ბერიძე; ბსუ. ეკონომიკისა და ბიზნესის ფაკულტეტი. ბიზნესის ადმინისტრირების, მენეჯმენტისა და მარკეტინგის დარგობრივი დეპარტამენტი.
264 _aბათუმი,
_c2025.
300 _a173 გვ. ;
_b30 სმ.
653 _aტურიზმი
653 _aდისერტაცია
700 _aბერიძე, როსტომ
_eსამეცნიერო ხელმძღვანელი
_91686
710 _aბსუ.
_bეკონომიკისა და ბიზნესის ფაკულტეტი. ბიზნესის ადმინისტრირების, მენეჯმენტისა და მარკეტინგის დარგობრივი დეპარტამენტი.
_925569
942 _2udc
_cDS